Iconic Lines From Rock Songs - Statistics

General Stats
  • This quiz has been taken 60 times
  • The average score is 8 of 26
Answer Stats
Hint Answer % Correct
Mammmaaaaaa oooohhhhhhh Bohemian rhapsody
76%
Hey! Teachers! Leave us kids alone Another Brick in the wall
63%
You can check out anytime you like but you can never leave Hotel California
63%
Land of the sun with the ice and snow Immigrant song
55%
I'm a cowboy, on a steel horse I ride Wanted dead or alive
39%
shananananananana knees knees Welcome to the Jungle
39%
Hello. Is there anybody in there Comfortably numb
37%
Lord help me I can't change Free bird
37%
We gotta move these refrigerators Money for Nothing
33%
Jealousy, turning saints into the sea Mr. Brightside
33%
Sometimes I feel like my only friend is the city I live in Under the bridge
33%
Tonight the music seems so loud Careless Whisper
31%
Wake Up! Grab a brush and put a little make up! Chop suey
31%
Freezin rest his head on a pillow made of concrete Even Flow
31%
It's gonna take a lot to take me away from you Africa
29%
What's with these homies dissin my girl Buddy Holly
29%
And I was shakin' at the knees Thunderstruck
27%
Clean shirt, new shoes Sharp Dressed Man
24%
In the time of chimpanzees, I was a monkey Loser
22%
There is, a house, in new orleans House of Rising Sun
18%
Hold me now. I'm six feet from the edge and I'm thinking, maybe six feet ain't so far down One last breath
18%
Into the flood again Would
16%
Who knows, not me, I never lost control Man Who Sold the World
14%
I cant escape this hell Animal I have become
8%
ain't no stopping now Panama
8%
Monday warrior leave me dry Tom Sawyer
4%
No matching quizzes found
Score Distribution
Percent of People with Each Score
Percentile by Number Answered
Your Score History
You have not taken this quiz